[Event "Hastings Centenary Masters"]
[Site "Hastings"]
[Date "1995.08.27"]
[Round "9"]
[White "Vianin, Pascal"]
[Black "Costello, Colin A"]
[Result "1-0"]
[WhiteElo "2185"]
[BlackElo "2115"]
[PlyCount "75"]
[EventDate "1995.08.20"]
[EventType "swiss"]
[EventRounds "9"]
[EventCountry "ENG"]
[SourceTitle "BritBase"]
[Source "John Saunders"]
[SourceDate "2023.06.01"]
[SourceVersion "1"]
[SourceVersionDate "2023.06.01"]
[SourceQuality "1"]

1. e4 e6 2. d4 d5 3. exd5 exd5 4. c4 Nf6 5. Nc3 c6 6. Nf3 Bd6 7. c5 Bc7 8. Bd3
O-O 9. O-O Bg4 10. Bg5 Nbd7 11. b4 a6 12. h3 Bh5 13. Bf5 Qb8 14. Qd3 Bf4 15.
Bxf4 Qxf4 16. Ne2 Qc7 17. Ng3 Bg6 18. Rfe1 Rfe8 19. a4 Qf4 20. Qd2 Qc7 21.
Rxe8+ Rxe8 22. Re1 Ne4 23. Bxe4 Bxe4 24. Nf5 Nf6 25. Nd6 Rb8 26. Ne5 Bg6 27.
Qe3 b6 28. f4 bxc5 29. bxc5 Bc2 30. Nexf7 Ne4 31. Nxe4 dxe4 32. Nd6 Qa5 33.
Nxe4 Rb3 34. Nf6+ gxf6 35. Qe8+ Kg7 36. Qe7+ Kg6 37. Re6 Kh5 38. Qxf6 1-0

[Event "Hastings Centenary Masters"]
[Site "Hastings"]
[Date "1995.08.27"]
[Round "9"]
[White "Wood, David A"]
[Black "McEwan, Ken B"]
[Result "1/2-1/2"]
[WhiteElo "2285"]
[BlackElo "2160"]
[PlyCount "55"]
[EventDate "1995.08.20"]
[EventType "swiss"]
[EventRounds "9"]
[EventCountry "ENG"]
[SourceTitle "BritBase"]
[Source "John Saunders"]
[SourceDate "2023.06.01"]
[SourceVersion "1"]
[SourceVersionDate "2023.06.01"]
[SourceQuality "1"]

1. e4 c5 2. Nf3 e6 3. d4 cxd4 4. Nxd4 Nf6 5. Nc3 d6 6. g4 h6 7. g5 hxg5 8. Bxg5
Be7 9. Qd2 Bd7 10. O-O-O a6 11. f4 Nc6 12. Nf3 Qc7 13. e5 dxe5 14. fxe5 Ng4 15.
Bxe7 Nxe7 16. Ne4 Nf5 17. Rg1 Nge3 18. Nd6+ Nxd6 19. exd6 Qc5 20. Re1 Nf5 21.
Bd3 Nxd6 22. Rxg7 O-O-O 23. Re5 Qb6 24. Re1 Be8 25. Qf4 Kb8 26. a3 Ka8 27. h4
Bb5 28. Bxb5 1/2-1/2

[Event "Hastings Centenary Masters"]
[Site "Hastings"]
[Date "1995.08.27"]
[Round "9"]
[White "Cafferty, Bernard"]
[Black "Van Zyil Smit, Konrad"]
[Result "0-1"]
[WhiteElo "2260"]
[BlackElo "2100"]
[PlyCount "98"]
[EventDate "1995.08.20"]
[EventType "swiss"]
[EventRounds "9"]
[EventCountry "ENG"]
[SourceTitle "BritBase"]
[Source "John Saunders"]
[SourceDate "2023.06.01"]
[SourceVersion "1"]
[SourceVersionDate "2023.06.01"]
[SourceQuality "1"]

1. Nf3 Nf6 2. g3 g6 3. c4 Bg7 4. Nc3 O-O 5. Bg2 d6 6. d4 c5 7. O-O Nc6 8. d5
Na5 9. Nd2 a6 10. Qc2 Rb8 11. b3 b5 12. Bb2 e5 13. Rae1 Nh5 14. e3 f5 15. f4
Bd7 16. Nd1 Re8 17. Bc3 Qc7 18. Nf2 Re7 19. Nd3 b4 20. Bb2 e4 21. Nf2 Nf6 22.
Ra1 Nb7 23. a3 a5 24. Ra2 Ree8 25. Rfa1 a4 26. bxa4 Na5 27. axb4 cxb4 28. Qc1
Rec8 29. Bf1 Be8 30. Qd1 b3 31. Ra3 Nxd5 32. Bxg7 Nxe3 33. Qb1 Nc2 34. Bc3 Nxa3
35. Rxa3 e3 36. Qb2 exf2+ 37. Kxf2 Nb7 38. Bg2 Nc5 39. Bf1 Nxa4 40. Rxa4 Bxa4
41. Nf3 Bb5 42. Nd2 Ba6 43. Bd4 Qa5 44. Be3 Re8 45. Qd4 b2 46. c5 Bxf1 47. Qd5+
Kg7 48. g4 Rxe3 49. Qd4+ Re5 0-1